000 01091nam a22002417a 4500
003 OSt
005 20240401215446.0
008 240401b ||||| |||| 00| 0 eng d
040 _bEnglish.
_cCvSU-CCAT Campus Library.
_erda.
050 _aUM LB 1731
_bL87 2019
100 _aLuseco, William P., author.
_99956
245 _aCompetency level of faculty teaching Mechanical Technology program in selected universities and colleges in Region IV-A : basis for an action plan /
_cWilliam P. Luseco.
260 _aRosario, Cavite :
_bCavite State University-CCAT Campus,
_c2019.
300 _a89 leaves :
_billustrations ;
_c28 cm
500 _aA Thesis (Master of Arts in Education Major in Educational Management) --Cavite State University-CCAT Campus, 2019.
504 _aIncludes bibliographical references and appendices.
546 _aIn English text.
650 _aTeachers effectiveness
_xRegion IV-A.
_99957
650 _aTeaching.
_91063
650 _aTeachers -- Training of -- Philippines.
_99958
942 _2lcc
_cT/M/D
_hLB 1731 L87 2019
_kUM
999 _c2893
_d2893